000 00810nam a2200241 4500
003 OSt
005 20260530113856.0
008 260504b1979 mx a|||| |||| 00| 0 spa d
040 _aICI
_bspa
_cICI
041 _aspa
050 _aNA9132.M4
_bG78
245 1 0 _aGDU grupo de diseño urbano /
_cJorge Alberto Sandoval...[y otros más]
264 1 _bGrupo de Diseño Urbano,
_c1979
_aMéxico, D.F. :
300 _a50 páginas :
_bilustraciones
336 _atexto
_2rdacontent
337 _asin medio
_2rdamedia
338 _avolumen
_2rdacarrier
610 2 4 _aGrupo de Diseño Urbano (Firma comercial)
_931807
650 4 _aArquitectura
_xDiseño urbano
_zDistrito Federal
_931808
650 4 _aUrbanismo
_zDistrito Federal
_931809
700 1 _aSandoval, Jorge Alberto,
_ecolaborador
_931810
942 _2lcc
_cBK
_n1
999 _c11645
_d11645